Loading...
| Painting & Sculpture | 0 | 11 | 0 | 1 | 110 | 40 | 88.36 | 1 | 6 | 0.00 | 0.00 |
| Fine Arts - Classical Music | 0 | 8 | 2 | 2 | 70 | 86 | 116.25 | 0 | 1 | 0.00 | 0.00 |
| Literature - American | 0 | 7 | 0 | 0 | 70 | 88 | 122.00 | 0 | 0 | 0.00 | 0.00 |
| Literature - World | 0 | 4 | 0 | 0 | 40 | 79 | 114.00 | 0 | 1 | 0.00 | 0.00 |
| Fine Arts - Other | 0 | 4 | 2 | 1 | 30 | 71 | 105.00 | 1 | 2 | 0.00 | 0.00 |
| Literature - European | 0 | 3 | 0 | 0 | 30 | 83 | 118.33 | 0 | 0 | 0.00 | 0.00 |
| Philosophy | 0 | 3 | 1 | 0 | 25 | 91 | 116.33 | 1 | 2 | 0.00 | 0.00 |
| Social Science | 0 | 2 | 0 | 0 | 20 | 46 | 58.00 | 1 | 2 | 0.00 | 0.00 |
| Religion | 0 | 2 | 1 | 0 | 15 | 67 | 79.50 | 0 | 0 | 0.00 | 0.00 |
| Mythology | 0 | 1 | 0 | 0 | 10 | 81 | 81.00 | 0 | 0 | 0.00 | 0.00 |
| Current Events | 0 | 1 | 0 | 1 | 10 | 109 | 109.00 | 0 | 0 | 0.00 | 0.00 |
| Literature - British | 0 | 1 | 2 | 0 | 0 | 116 | 116.00 | 0 | 0 | 0.00 | 0.00 |